000 00586cam a22001933a 4500
001 40363
003 PGUSA
005 20140828083913.0
008 120729s2012||||xxu|||||s|||||000 | eng d
040 _aPGUSA
_beng
042 _adc
245 1 3 _aAn Alphabet of Quadrupeds :
_bComprising descriptions of their appearance and habits
_h[electronic resource] /
_cAnonymous
260 _bProject Gutenberg,
_c2012
506 _aPublic domain in the USA.
516 _aElectronic text
830 0 _aProject Gutenberg
_v40363
856 4 0 _uhttp://www.gutenberg.org/ebooks/40363
942 _cEB
999 _c269616
_d269616